| 000 | 00572nam a22001937a 4500 | ||
|---|---|---|---|
| 005 | 20251108175517.0 | ||
| 008 | 250721s2009 xx 000 0 eng d | ||
| 082 | 1 | 4 | _aR/J/F/FAT |
| 100 | 1 | _aabd el-fattah, samia | |
| 245 | 1 | 0 |
_aWonderful Stories : _bthe donkey and the clever monkey / |
| 264 | 1 |
_aegypt : _bsanabel company, _c2009. |
|
| 300 | _a120p. | ||
| 500 | _aيحتوي المجلد على 10 قصص | ||
| 650 | 1 | 7 | _aFICTION |
| 650 | 1 | 7 | _aCHILDREN |
| 653 | _aأطفال مرحلة متوسطة ( 6 - 9 سنوات ) | ||
| 942 |
_2ddc _cBK |
||
| 999 |
_c135821 _d135821 |
||